Handbook of environmental physiology of fruit crops. Vol.2 Sub-tropical and tropical crops

All aspects of plant growth and development are influenced directly or indirectly by environmental variables. Environmental factors have a profound effect on plant phenotype and determine the extent to which genotypic is expressed. The book addresses an understanding of the response of crops to envi...

全面介紹

Đã lưu trong:
書目詳細資料
格式: 圖書
語言:Undetermined
出版: Boca Raton, Florida CRC Press 1994
主題:
標簽: 添加標簽
沒有標簽, 成為第一個標記此記錄!
Thư viện lưu trữ: Trung tâm Học liệu Trường Đại học Cần Thơ
LEADER 01115nam a2200193Ia 4500
001 CTU_22815
008 210402s9999 xx 000 0 und d
020 |b 272.5df 
082 |a 581.13045222 
082 |b H236/Vol.2 
245 0 |a Handbook of environmental physiology of fruit crops. Vol.2 
245 0 |b Sub-tropical and tropical crops 
260 |a Boca Raton, Florida 
260 |b CRC Press 
260 |c 1994 
520 |a All aspects of plant growth and development are influenced directly or indirectly by environmental variables. Environmental factors have a profound effect on plant phenotype and determine the extent to which genotypic is expressed. The book addresses an understanding of the response of crops to environmental variables (light, temperature, water, and salinity). The crops discussed in this book are the major commercial crops generally grown in subtropical or tropical climates 
650 |a tropical fruit - ecophysiology - handbooks, manuals, etc,fruit - ecophysiology - handbooks, manuals, etc 
904 |i Minh, 980623 
980 |a Trung tâm Học liệu Trường Đại học Cần Thơ